[Event "AUTO-OPEN-2202"]
[Site "http://www.queenalice.com/game.php?id=952268"]
[Date "2011.6.21"]
[Round "2"]
[White "Said"]
[Black "Orotimaru"]
[Result "0-1"]
[WhiteElo "2007"]
[BlackElo "2379"]

1. c4 Nf6 2. Nc3 g6 3. e4 d6 4. f4 c5 5. Nf3 Nc6 6. d4 cxd4 7. Nxd4 Bg7 8. Be2
Nxe4 9. Nxc6 Nxc3 10. Nxd8 Nxd1 11. Nxf7 Kxf7 12. Bxd1 Be6 13. Be2 Rac8 14. Bf3
b6 15. Bd5 Bxd5 16. cxd5 Rc5 17. Rb1 Rxd5 18. Ke2 Bf6 19. b3 Rc8 20. Rd1 Rc2+
21. Rd2 Rdxd2+ 22. Bxd2 Bc3 23. Rd1 Rxa2 24. Kd3 Rxd2+ 25. Rxd2 Bxd2 26. Kxd2
Ke6 27. g4 h5 28. gxh5 gxh5 29. Ke3 Kf5 30. h3 e5 31. fxe5 dxe5 32. b4 a5 33.
bxa5 bxa5 0-1

[Event "AUTO-OPEN-2202"]
[Site "http://www.queenalice.com/game.php?id=952269"]
[Date "2011.6.21"]
[Round "2"]
[White "Orotimaru"]
[Black "Said"]
[Result "1-0"]
[WhiteElo "2384"]
[BlackElo "2005"]

1. e4 c5 2. Nf3 d6 3. d4 cxd4 4. Nxd4 Nf6 5. Nc3 a6 6. Be3 e5 7. Nf3 Qc7 8. a4
h6 9. a5 Be6 10. Nd5 Bxd5 11. exd5 Nbd7 12. Be2 Ng4 13. Bc1 Ngf6 14. O-O Rc8 15.
c4 g5 16. Be3 Bg7 17. h4 g4 18. Nd2 h5 19. b4 e4 20. Qb1 O-O 21. Ra3 Rfe8 22.
Bf4 Ne5 23. Re3 Ng6 24. Bg3 Qe7 25. Re1 Bh6 26. Bd3 Bxe3 27. Rxe3 Qd8 28. Bxe4
Nxe4 29. Nxe4 Ne5 30. Ng5 Ng6 31. Qf5 Qc7 32. Bxd6 1-0

[Event "AUTO-MASTER-1310"]
[Site "http://www.queenalice.com/game.php?id=960297"]
[Date "2011.7.14"]
[Round "2"]
[White "ylisavbots"]
[Black "Orotimaru"]
[Result "1/2-1/2"]
[WhiteElo "2396"]
[BlackElo "2380"]

1. e4 c6 2. d4 d5 3. Nc3 dxe4 4. Nxe4 Nd7 5. Nf3 Ngf6 6. Ng3 e6 7. Be2 c5 8. O-O
Bd6 9. Bg5 h6 10. Bxf6 Nxf6 11. dxc5 Bxc5 12. Qxd8+ Kxd8 13. Rab1 Ke7 14. b4 Bd6
15. c4 b6 16. Rfc1 Bf4 17. Rd1 Bd7 18. b5 Rhd8 19. Rb2 Bxg3 20. hxg3 Ne4 21. Rd4
Nc5 22. Ne5 Be8 23. Rbd2 Rxd4 24. Rxd4 Rd8 25. Nf3 a5 26. Rxd8 Kxd8 27. Bd1 f6
1/2-1/2

[Event "AUTO-MASTER-1310"]
[Site "http://www.queenalice.com/game.php?id=960298"]
[Date "2011.7.14"]
[Round "2"]
[White "Orotimaru"]
[Black "ylisavbots"]
[Result "0-1"]
[WhiteElo "2310"]
[BlackElo "2425"]

1. e4 c6 2. d4 d5 3. Nc3 dxe4 4. Nxe4 Bf5 5. Ng3 Bd7 6. Nf3 Nf6 7. Bc4 e6 8. O-O
Be7 9. Qe2 O-O 10. Bg5 h6 11. Bxf6 Bxf6 12. Nh5 Be8 13. Nxf6+ Qxf6 14. Qe4 Nd7
15. Bd3 g6 16. c4 Rb8 17. Qe3 Kg7 18. b4 Rc8 19. Rfd1 Qe7 20. a3 Qd6 21. Rac1
Rd8 22. c5 Qe7 23. Ne5 Nf6 24. Bc4 Nd5 25. Qg3 Qg5 26. Qxg5 hxg5 27. Bf1 Ne7 28.
Rd3 Nf5 29. Rcd1 b5 30. g3 f6 31. Nf3 a5 32. g4 Ne7 33. Nd2 axb4 34. axb4 Ra8
35. Bg2 Ra4 36. Rb3 Bd7 37. h3 Nd5 38. Bxd5 exd5 39. Re1 Kf7 0-1

[Event "AUTO-MASTER-1310"]
[Site "http://www.queenalice.com/game.php?id=960299"]
[Date "2011.7.14"]
[Round "2"]
[White "toninhojit"]
[Black "Orotimaru"]
[Result "1-0"]
[WhiteElo "2417"]
[BlackElo "2364"]

1. e4 c6 2. d4 d5 3. Nc3 dxe4 4. Nxe4 Nd7 5. Bc4 Ngf6 6. Ng5 e6 7. Qe2 Nb6 8.
Bd3 h6 9. N5f3 c5 10. dxc5 Bxc5 11. Ne5 Nbd5 12. a3 a6 13. c4 Ne7 14. Ngf3 Bd7
15. O-O Nc6 16. b4 Nd4 17. Nxd4 Bxd4 18. Ra2 O-O 19. Rd1 Qe7 20. Bb1 Bxe5 21.
Qxe5 Bc6 22. Rd4 Rad8 23. Rad2 Rxd4 24. Rxd4 Rd8 25. Bb2 Rxd4 26. Bxd4 Ne8 27.
Qg3 Qd6 28. Qe3 f6 29. Qd3 f5 30. Qe3 Nf6 31. f3 Nd7 32. Ba2 Nf8 33. h4 1-0

[Event "AUTO-MASTER-1310"]
[Site "http://www.queenalice.com/game.php?id=960300"]
[Date "2011.7.14"]
[Round "2"]
[White "Orotimaru"]
[Black "toninhojit"]
[Result "0-1"]
[WhiteElo "2375"]
[BlackElo "2410"]

1. e4 e6 2. d4 d5 3. Nd2 c5 4. exd5 Qxd5 5. Ngf3 cxd4 6. Bc4 Qd6 7. O-O Nc6 8.
Nb3 Nf6 9. Nbxd4 Nxd4 10. Qxd4 Bd7 11. Be3 Qxd4 12. Bxd4 Be7 13. Ne5 O-O 14.
Nxd7 Nxd7 15. Rad1 Nf6 16. c3 a6 17. a4 Rac8 18. Bb3 Rfd8 19. Bb6 Rd7 20. a5 Bc5
21. Bxc5 Rxc5 22. Rxd7 Nxd7 23. Rd1 Rc7 24. Rd4 Kf8 25. Rc4 Rxc4 26. Bxc4 Ke7
27. Bd3 f5 28. f4 Kf6 29. g3 e5 30. fxe5+ Kxe5 31. Kf2 Nf6 32. h3 Ne4+ 0-1

[Event "AUTO-OPEN-2203"]
[Site "http://www.queenalice.com/game.php?id=968791"]
[Date "2011.8.4"]
[Round "3"]
[White "Orotimaru"]
[Black "chessman"]
[Result "1/2-1/2"]
[WhiteElo "2385"]
[BlackElo "2039"]

1. e4 e6 2. d4 d5 3. Nd2 Nf6 4. e5 Nfd7 5. f4 c5 6. c3 cxd4 7. cxd4 Nc6 8. a3
Qb6 9. Ndf3 Be7 10. Ne2 O-O 11. g3 f6 12. Bh3 Nd8 13. O-O f5 14. Bd2 Qxb2 15.
Rb1 Qxa3 16. Nc3 Qa6 17. Ra1 Qd3 18. Re1 Qc4 19. Bf1 1/2-1/2

[Event "AUTO-OPEN-2203"]
[Site "http://www.queenalice.com/game.php?id=968792"]
[Date "2011.8.4"]
[Round "3"]
[White "chessman"]
[Black "Orotimaru"]
[Result "0-1"]
[WhiteElo "2014"]
[BlackElo "2354"]

1. e4 c5 2. Nf3 Nc6 3. d4 cxd4 4. c3 dxc3 5. Nxc3 g6 6. Bc4 Bg7 7. O-O Nf6 8. e5
Ng4 9. Bxf7+ Kxf7 10. Ng5+ Kg8 11. Qxg4 Nxe5 12. Qd1 Nc6 13. Nb5 d5 14. Re1 e5
15. Qf3 Bf5 16. Qb3 h6 17. Nf3 a6 18. Nc3 Be6 19. Qxb7 Qc8 20. Qxc8+ Rxc8 21.
Na4 Kh7 22. Nc5 Bf7 23. Nxa6 e4 24. Nd2 Nd4 25. Rb1 Nc2 26. Rf1 Rc6 0-1

[Event "AUTO-MASTER-1399"]
[Site "http://www.queenalice.com/game.php?id=973311"]
[Date "2011.8.16"]
[Round "2"]
[White "ichtus"]
[Black "Orotimaru"]
[Result "1-0"]
[WhiteElo "2245"]
[BlackElo "2356"]

1. d4 Nf6 2. Nf3 g6 3. Bg5 Bg7 4. Nbd2 d5 5. e3 Bf5 6. Bxf6 exf6 7. Be2 c6 8.
O-O O-O 9. Re1 Nd7 10. c4 Qb6 11. b3 g5 12. h3 1-0

[Event "AUTO-MASTER-1399"]
[Site "http://www.queenalice.com/game.php?id=973312"]
[Date "2011.8.16"]
[Round "2"]
[White "Orotimaru"]
[Black "ichtus"]
[Result "0-1"]
[WhiteElo "2301"]
[BlackElo "2260"]

1. e4 c5 2. Nf3 d6 3. d4 cxd4 4. Nxd4 Nf6 5. Nc3 a6 6. a4 b6 7. Be2 Bb7 8. Bf3
Nbd7 9. Nb3 e6 10. Bg5 Be7 11. Qd4 Qc7 0-1

[Event "AUTO-MASTER-1399"]
[Site "http://www.queenalice.com/game.php?id=973315"]
[Date "2011.8.16"]
[Round "2"]
[White "mad_knight"]
[Black "Orotimaru"]
[Result "1-0"]
[WhiteElo "2273"]
[BlackElo "2341"]

1. d4 Nf6 2. c4 g6 3. Nc3 d5 4. Nf3 Bg7 5. e3 c5 6. dxc5 Qa5 7. cxd5 O-O 8. Bd2
Qxc5 9. Qb3 Rd8 10. Bc4 a6 11. Na4 Qc7 12. Rc1 Rd6 13. Be2 Qd8 14. Bb4 1-0

[Event "AUTO-MASTER-1399"]
[Site "http://www.queenalice.com/game.php?id=973316"]
[Date "2011.8.16"]
[Round "2"]
[White "Orotimaru"]
[Black "mad_knight"]
[Result "0-1"]
[WhiteElo "2327"]
[BlackElo "2287"]

1. e4 e5 2. Nf3 Nc6 3. Bb5 a6 4. Bxc6 dxc6 5. O-O Bg4 6. h3 Bh5 7. g4 Bg6 8.
Nxe5 Bd6 9. Nxg6 fxg6 10. d4 Qd7 11. e5 Be7 12. Be3 O-O-O 13. Qe2 h5 14. Nc3 Qe6
0-1

[Event "sical"]
[Site "http://www.queenalice.com/game.php?id=974094"]
[Date "2011.8.18"]
[Round "1"]
[White "Orotimaru"]
[Black "Kuarwaki"]
[Result "0-1"]
[WhiteElo "2314"]
[BlackElo "2570"]

1. e4 d6 2. d4 Nf6 3. Nc3 g6 4. f4 Bg7 5. Nf3 O-O 6. Bd3 Nc6 7. O-O e5 8. d5 Nd4
9. fxe5 dxe5 10. h3 Nh5 11. Nxd4 exd4 12. Ne2 c6 13. dxc6 bxc6 14. Bd2 Qb6 15.
b3 c5 16. Nf4 Nxf4 17. Bxf4 a5 18. a4 Ba6 19. Qd2 Rfe8 20. Rae1 Ra7 21. Re2 Rb7
22. Rfe1 Bf8 23. Rf1 Qc6 0-1

[Event "Challenge"]
[Site "http://www.queenalice.com/game.php?id=998676"]
[Date "2011.10.18"]
[Round "-"]
[White "eddval"]
[Black "Orotimaru"]
[Result "1-0"]
[WhiteElo "2128"]
[BlackElo "2276"]

1. e4 c5 2. c4 Nc6 3. Ne2 Nf6 4. Nbc3 g6 5. d4 cxd4 6. Nxd4 Bg7 7. Be3 d6 8. Be2
O-O 9. O-O Bd7 10. Rc1 a6 11. Qd2 Nxd4 12. Bxd4 Bc6 13. f3 Qa5 14. Rfd1 Rfc8 15.
Kh1 b5 16. cxb5 axb5 17. a3 b4 18. axb4 Qxb4 19. Bxf6 Bxf6 20. Nd5 Qxd2 21.
Nxf6+ Kg7 22. Nh5+ gxh5 23. Rxd2 Bb5 24. Rxc8 Rxc8 25. Kg1 Bxe2 26. Rxe2 Rc1+
27. Kf2 h4 28. h3 Rc4 29. Ke3 1-0

[Event "Challenge"]
[Site "http://www.queenalice.com/game.php?id=999394"]
[Date "2011.10.20"]
[Round "-"]
[White "eddval"]
[Black "Orotimaru"]
[Result "0-1"]
[WhiteElo "2156"]
[BlackElo "2267"]

1. e4 c5 2. Nf3 Nc6 3. d4 cxd4 4. Nxd4 Nf6 5. Nc3 e5 6. Ndb5 d6 7. Bg5 a6 8. Na3
b5 9. Nd5 Be7 10. Bxf6 Bxf6 11. c3 Bg5 12. Nc2 O-O 13. Nce3 Be6 14. Be2 Ne7 15.
Qd3 Nxd5 16. exd5 Bd7 17. h4 Bh6 18. g4 Bf4 19. Ng2 b4 20. Nxf4 exf4 21. cxb4
Bb5 0-1

[Event "AUTO-ELITE-756"]
[Site "http://www.queenalice.com/game.php?id=1003058"]
[Date "2011.10.30"]
[Round "2"]
[White "Orotimaru"]
[Black "Patrick_Vieira"]
[Result "0-1"]
[WhiteElo "2228"]
[BlackElo "2590"]

1. e4 c5 2. Nf3 d6 3. d4 cxd4 4. Nxd4 Nf6 5. Nc3 a6 6. Bc4 e6 7. Be3 b5 8. Bb3
b4 9. Na4 Bb7 10. Qd2 Bxe4 0-1